Counter-Strike MVP - Statistics

General Stats
  • This quiz has been taken 35 times
    29 since last reset
  • The average score is 50 of 101
Answer Stats
# Country Player % Correct
21 ๐Ÿ‡บ๐Ÿ‡ฆ S1mple
95%
27 ๐Ÿ‡ซ๐Ÿ‡ท Zywoo
95%
10 ๐Ÿ‡ท๐Ÿ‡บ donk
90%
5 ๐Ÿ‡ช๐Ÿ‡ช ropz
90%
10 ๐Ÿ‡ซ๐Ÿ‡ท kennys
86%
9 ๐Ÿ‡ง๐Ÿ‡ฆ Niko
86%
19 ๐Ÿ‡ฉ๐Ÿ‡ฐ Device
81%
4 ๐Ÿ‡ง๐Ÿ‡ท Fallen
81%
2 ๐Ÿ‡ฑ๐Ÿ‡น jL
81%
3 ๐Ÿ‡ฑ๐Ÿ‡ป broky
76%
8 ๐Ÿ‡ง๐Ÿ‡ท coldzera
76%
10 ๐Ÿ‡ธ๐Ÿ‡ช GeT_RiGhT
76%
1 ๐Ÿ‡ท๐Ÿ‡ด iM
76%
5 ๐Ÿ‡ท๐Ÿ‡บ m0NESY
76%
2 ๐Ÿ‡ฉ๐Ÿ‡ฐ Magisk
76%
2 ๐Ÿ‡จ๐Ÿ‡ฆ Twistzz
76%
1 ๐Ÿ‡ท๐Ÿ‡บ electroNic
71%
4 ๐Ÿ‡ธ๐Ÿ‡ช flusha
71%
8 ๐Ÿ‡ธ๐Ÿ‡ฐ Guardian
71%
3 ๐Ÿ‡ธ๐Ÿ‡ช JW
71%
6 ๐Ÿ‡ธ๐Ÿ‡ช olofmeister
71%
3 ๐Ÿ‡ต๐Ÿ‡ฑ pashaBiceps
71%
7 ๐Ÿ‡ต๐Ÿ‡ฑ Snax
71%
1 ๐Ÿ‡น๐Ÿ‡ท XANTARES
71%
1 ๐Ÿ‡บ๐Ÿ‡ฆ b1t
67%
2 ๐Ÿ‡ฉ๐Ÿ‡ฐ dupreeh
67%
4 ๐Ÿ‡บ๐Ÿ‡ธ Elige
67%
2 ๐Ÿ‡ง๐Ÿ‡ฆ huNter
67%
1 ๐Ÿ‡ง๐Ÿ‡ท KSCERATO
67%
5 ๐Ÿ‡จ๐Ÿ‡ฆ NAF
67%
4 ๐Ÿ‡ท๐Ÿ‡บ sh1ro
67%
2 ๐Ÿ‡ท๐Ÿ‡บ Dosia
62%
4 ๐Ÿ‡ซ๐Ÿ‡ท Happy
62%
3 ๐Ÿ‡ฐ๐Ÿ‡ฟ HObbit
62%
3 ๐Ÿ‡ท๐Ÿ‡บ Jame
62%
5 ๐Ÿ‡ธ๐Ÿ‡ช KRIMZ
62%
4 ๐Ÿ‡ณ๐Ÿ‡ด rain
62%
1 ๐Ÿ‡ง๐Ÿ‡ช ScreaM
62%
1 ๐Ÿ‡ญ๐Ÿ‡บ torzsi
62%
1 ๐Ÿ‡น๐Ÿ‡ท woxic
62%
1 ๐Ÿ‡ฐ๐Ÿ‡ฟ AdreN
57%
8 ๐Ÿ‡ธ๐Ÿ‡ช f0rest
57%
1 ๐Ÿ‡ง๐Ÿ‡ท fer
57%
1 ๐Ÿ‡ธ๐Ÿ‡ช friberg
57%
1 ๐Ÿ‡ธ๐Ÿ‡ฐ frozen
57%
1 ๐Ÿ‡ฉ๐Ÿ‡ฐ gla1ve
57%
1 ๐Ÿ‡ฉ๐Ÿ‡ฐ karrigan
57%
4 ๐Ÿ‡ซ๐Ÿ‡ท NBK
57%
4 ๐Ÿ‡ซ๐Ÿ‡ท shox
57%
1 ๐Ÿ‡ฉ๐Ÿ‡ฐ Xyp9x
57%
1 ๐Ÿ‡ฒ๐Ÿ‡ณ 910
52%
2 ๐Ÿ‡ท๐Ÿ‡บ flamie
52%
2 ๐Ÿ‡ซ๐Ÿ‡ท kioshima
52%
2 ๐Ÿ‡ต๐Ÿ‡ฑ NEO
52%
2 ๐Ÿ‡จ๐Ÿ‡ฟ oskar
52%
1 ๐Ÿ‡ซ๐Ÿ‡ฎ sergej
52%
2 ๐Ÿ‡บ๐Ÿ‡ธ Stewie2k
52%
1 ๐Ÿ‡บ๐Ÿ‡ธ tarik
52%
1 ๐Ÿ‡ฒ๐Ÿ‡ณ Techno
52%
2 ๐Ÿ‡ง๐Ÿ‡ฌ CeRq
48%
1 ๐Ÿ‡ฎ๐Ÿ‡ฑ HeavyGod
48%
1 ๐Ÿ‡ช๐Ÿ‡ฆ SunPayus
48%
2 ๐Ÿ‡ฉ๐Ÿ‡ช syrsoN
48%
3 ๐Ÿ‡ท๐Ÿ‡บ Ax1le
43%
1 ๐Ÿ‡ฐ๐Ÿ‡ฟ molodoy
43%
1 ๐Ÿ‡บ๐Ÿ‡ธ RUSH
43%
3 ๐Ÿ‡ง๐Ÿ‡ท yuurih
43%
1 ๐Ÿ‡บ๐Ÿ‡ธ autimatic
38%
1 ๐Ÿ‡ฉ๐Ÿ‡ฐ jabbi
38%
1 ๐Ÿ‡ฉ๐Ÿ‡ฐ Kjaerbye
38%
1 ๐Ÿ‡ฐ๐Ÿ‡ฟ mou
38%
2 ๐Ÿ‡ธ๐Ÿ‡ช Xizt
38%
1 ๐Ÿ‡ง๐Ÿ‡ท boltz
29%
3 ๐Ÿ‡บ๐Ÿ‡ธ Brehze
29%
1 ๐Ÿ‡ธ๐Ÿ‡ช Brollan
29%
1 ๐Ÿ‡ท๐Ÿ‡บ degster
29%
2 ๐Ÿ‡บ๐Ÿ‡ธ Ethan
29%
1 ๐Ÿ‡ท๐Ÿ‡บ fame
29%
1 ๐Ÿ‡จ๐Ÿ‡ณ JamYoung
29%
2 ๐Ÿ‡ฉ๐Ÿ‡ฐ k0nfig
29%
1 ๐Ÿ‡บ๐Ÿ‡ธ swag
29%
1 ๐Ÿ‡ซ๐Ÿ‡ฎ Aerial
24%
1 ๐Ÿ‡ฉ๐Ÿ‡ฐ blameF
24%
1 ๐Ÿ‡ธ๐Ÿ‡ช dennis
24%
1 ๐Ÿ‡ง๐Ÿ‡ท HEN1
19%
1 ๐Ÿ‡ฏ๐Ÿ‡ด ISSAA
19%
1 ๐Ÿ‡บ๐Ÿ‡ฆ markeloff
19%
1 ๐Ÿ‡ท๐Ÿ‡บ seized
19%
2 ๐Ÿ‡ฉ๐Ÿ‡ฐ valde
19%
1 ๐Ÿ‡ง๐Ÿ‡ท Latto
14%
1 ๐Ÿ‡ธ๐Ÿ‡ช REZ
14%
1 ๐Ÿ‡ง๐Ÿ‡ฌ SHiPZ
14%
1 ๐Ÿ‡ฑ๐Ÿ‡น EspiranTo
10%
1 ๐Ÿ‡ง๐Ÿ‡ท felps
10%
1 ๐Ÿ‡ฉ๐Ÿ‡ฐ MSL
10%
1 ๐Ÿ‡บ๐Ÿ‡ฆ sdy
10%
1 ๐Ÿ‡ฉ๐Ÿ‡ฐ Bubzkji
5%
1 ๐Ÿ‡จ๐Ÿ‡ฆ FaNg
5%
1 ๐Ÿ‡ธ๐Ÿ‡ช Maikelele
5%
1 ๐Ÿ‡ธ๐Ÿ‡ช nawwk
5%
1 ๐Ÿ‡จ๐Ÿ‡ฆ AZK
0%
No matching quizzes found
Score Distribution
Percent of People with Each Score
Percentile by Number Answered
Your Score History
You have not taken this quiz since the last reset